[Event "TCh-AUT 2009-10"]
[Site "Baden AUT"]
[Date "2010.03.20"]
[Round "11"]
[White "Polzin,R"]
[Black "Varga,Zo"]
[Result "0-1"]
[WhiteElo "2473"]
[BlackElo "2486"]

1.e4 d6 2.d4 Nf6 3.Nc3 e5 4.Nf3 Nbd7 5.Bc4 Be7 6.O-O O-O 7.Re1 c6 8.a4 h6
9.h3 Re8 10.a5 exd4 11.Nxd4 Ne5 12.Bb3 Bd7 13.f4 Ng6 14.Qd3 Bf8 15.Bd2 b5
16.axb6 axb6 17.Rxa8 Qxa8 18.e5 dxe5 19.Qxg6 exd4 20.Qxf7+ Kh8 21.Na4 Rb8
22.g4 c5 23.Nxb6 Rxb6 24.g5 Bxh3 25.Re2 Rb7 26.Qc4 Rxb3 27.Qxb3 Bg4 28.gxf6 Bxe2
29.Qe6 Bb5 30.f5 Qf3 31.fxg7+ Bxg7 32.Ba5 Bc6  0-1

[Event "TCh-AUT 2009-10"]
[Site "Baden AUT"]
[Date "2010.03.20"]
[Round "11"]
[White "Gross,Dav GER"]
[Black "Juhasz,Kr"]
[Result "1-0"]
[WhiteElo "2465"]
[BlackElo "2232"]

1.e4 d6 2.d4 Nf6 3.Nc3 e5 4.Nf3 Nbd7 5.Bc4 Be7 6.O-O O-O 7.a4 c6 8.Re1 a5
9.Ba2 exd4 10.Nxd4 Nc5 11.h3 Qb6 12.Nb3 Nxb3 13.Bxb3 Be6 14.Nd5 Qd8 15.Nxe7+ Qxe7
16.Bxe6 Qxe6 17.Bf4 d5 18.exd5 Qxd5 19.b3 Rfd8 20.Bc7 Qxd1 21.Raxd1 Rxd1
22.Rxd1 Nd5 23.Bg3 Nc3 24.Rd7 b5 25.Be5 Ne4 26.Rc7 bxa4 27.bxa4 f6 28.Bd4 Rb8
29.f3 Ng3 30.Kf2 Nf5 31.Bc3 Rb6 32.g4 Nd6 33.Bd4 Ra6 34.Ke2 h5 35.Kd3 hxg4
36.hxg4 Ne8 37.Rc8 Kf7 38.Bc5 g5 39.Kc4 Ng7 40.Rc7+ Kg6 41.Ra7 Rxa7 42.Bxa7 Ne6
43.Bb6 f5 44.Bxa5 fxg4 45.fxg4 Kf6 46.Bb6 Ke7 47.a5 Kd7 48.a6 Kc8 49.Kd3 Nf4+
50.Ke4 Nd5 51.Bc5 Nc7 52.a7 Kb7 53.Kf5 Na6 54.Be3 Nb4 55.c4 Nd3 56.Bxg5 Kxa7
57.Be7 Nb2 58.c5 Nc4 59.g5 Ne3+ 60.Ke6 Nd5 61.g6 Nf4+ 62.Kf7 Nh5 63.g7 Nxg7
64.Kxg7  1-0

[Event "TCh-SUI 2010"]
[Site "Switzerland SUI"]
[Date "2010.03.21"]
[Round "2.7"]
[White "Gloor,Roger"]
[Black "Schmidt Schaeffer,S"]
[Result "1/2-1/2"]
[WhiteElo "2128"]
[BlackElo "2393"]

1.e4 d6 2.d4 Nf6 3.Nc3 Nbd7 4.g4 h6 5.Be3 e5 6.h3 c6 7.Bg2 b5 8.a3 a5 9.Nge2 Ba6
10.Ng3 b4 11.Nce2 c5 12.dxc5 dxc5 13.Nf5 Qc7 14.O-O g6 15.Nfg3 Be7 16.Kh1 h5
17.g5 h4 18.gxf6 Nxf6 19.Kg1 hxg3 20.fxg3 Rd8 21.Qe1 Rh7 22.Qf2 Bb7 23.axb4 axb4
24.Ra7 Ra8 25.Rxb7 Qxb7 26.Bxc5 Bxc5 27.Qxc5 Nd7 28.Qc4 Rc8 29.Qd3 Nc5 30.Qd6 Qc7
31.Qd5 Nd7 32.c3 Qc5+ 33.Qxc5 Nxc5 34.cxb4 Nd3 35.Nc3 Nxb4 36.Ra1 f6 37.Ra4 Rb7
38.Bf1 Kf8 39.Bb5 Rxb5 40.Nxb5 Rc1+ 41.Kg2 Rc2+ 42.Kf3 Rxb2 43.Ra8+ Ke7 44.Ra7+ Kd8
45.Rf7 Rb3+ 46.Kg4 Nd3 47.Nd6 Nf2+ 48.Kh4 Rf3 49.Nb7+ Kc8 50.Nd6+ Kb8 51.Nc4 g5+
52.Kh5 Nxe4 53.Nxe5 Rxg3 54.Nc6+ Kc8 55.Na7+ Kd8 56.Nc6+  1/2-1/2

[Event "26th Budapest Spring Festival"]
[Site "Budapest HUN"]
[Date "2010.03.22"]
[Round "3"]
[White "Karim,I"]
[Black "Korpa,B"]
[Result "1/2-1/2"]
[WhiteElo "2386"]
[BlackElo "2158"]

1.e4 d6 2.d4 Nf6 3.Nc3 e5 4.Nf3 Nbd7 5.Be2 Be7 6.g4 h6 7.g5 hxg5 8.Nxg5 Nh7
9.Nxh7 Rxh7 10.Be3 c6 11.Qd2 exd4 12.Qxd4 Nc5 13.O-O-O Ne6 14.Qd2 Qc7 15.f4 b6
16.f5 Nc5 17.Bf4 Nd7 18.Bc4 Ne5 19.Bb3 Ba6 20.Qg2 Bf6 21.Rd2 O-O-O 22.Rhd1 Qe7
23.Kb1 Rhh8 24.a3 Kc7 25.Na2 Bc4 26.Qg3 a5 27.Qc3 Ba6 28.Qe3 Rh5 29.Nc3 Kb7
30.Rg2 Qc7 31.Rdg1 Rdh8 32.Nd1 Rh3 33.Bg3 R3h5 34.h4 Qe7 35.Nf2 R8h7 36.Nd3 Bxd3
37.cxd3 Bxh4 38.d4 Bg5 39.Qe2 Nd7 40.e5 dxe5 41.dxe5 Rh1 42.Rxh1 Rxh1+ 43.Ka2 Nc5
44.Bc4 Na4 45.Qc2 b5 46.Bxb5 cxb5 47.Qe4+ Ka6 48.Qa8+ Qa7 49.Qxa7+ Kxa7 50.Bf2+ Ka6
51.Rxg5 Rf1 52.Bd4 Rf4 53.Bg1 Nb6 54.e6 fxe6 55.fxe6 Re4 56.Rg6 Nc8 57.Bc5 Kb7
58.Bf8 Kc6 59.e7+ Kd7 60.Rxg7 Nxe7 61.Kb3 Re3+ 62.Kc2 Ke8 63.Bxe7 Rxe7 64.Rg5 Rb7
65.Rd5 Ke7 66.Kd3 Ke6 67.Kd4 a4 68.Rh5 b4 69.Rh6+ Kf5 70.Ra6 bxa3 71.bxa3 Rb3
72.Rxa4 Ke6 73.Kc4 Rb1 74.Rb4 Ra1 75.a4 Kd6 76.Kb5 Kc7 77.Ka6 Rc1 78.a5 Rc5
79.Rb6 Rc1 80.Rb5 Rc2 81.Ka7 Rc1 82.Rh5 Rb1 83.Rc5+ Kd7 84.Rh5 Kc7 85.Rh6 Rb2
86.Rb6 Rc2 87.Rb4 Rc1 88.Ka6 Rc2 89.Rb7+ Kc8 90.Rh7 Rb2 91.Rh3 Kb8 92.Rh6 Ka8
93.Rh7 Rb3 94.Ra7+ Kb8 95.Rh7  1/2-1/2

[Event "26th Budapest Spring Festival"]
[Site "Budapest HUN"]
[Date "2010.03.22"]
[Round "3"]
[White "Tesik,C"]
[Black "Sanchez,Lo"]
[Result "1/2-1/2"]
[WhiteElo "2159"]
[BlackElo "2232"]

1.e4 d6 2.d4 Nf6 3.Nc3 e5 4.Nf3 Nbd7 5.Bc4 Be7 6.O-O O-O 7.Re1 c6 8.a4 b6
9.Bb3 a6 10.Nh4 Nxe4 11.Nxe4 Bxh4 12.Nxd6 Bxf2+ 13.Kxf2 Qf6+ 14.Kg1 Qxd6
15.dxe5 Qxd1 16.Rxd1 Nc5 17.Be3 Nxb3 18.cxb3 Be6 19.Bxb6 Bxb3 20.Rd6 Bd5
21.a5 Rfe8 22.Bd4 Re7 23.Bc3  1/2-1/2

[Event "26th Budapest Spring Festival"]
[Site "Budapest HUN"]
[Date "2010.03.23"]
[Round "4"]
[White "Letay,G"]
[Black "Karim,I"]
[Result "0-1"]
[WhiteElo "2122"]
[BlackElo "2386"]

1.e4 d6 2.d4 Nf6 3.Nc3 e5 4.dxe5 dxe5 5.Qxd8+ Kxd8 6.Bg5 Be6 7.O-O-O+ Kc8
8.Nf3 Nbd7 9.a3 c6 10.Bh4 Bc5 11.Rd2 Kc7 12.Ng5 b5 13.Nxe6+ fxe6 14.Bd3 Rhg8
15.a4 a6 16.Re1 g5 17.Bg3 Nh5 18.Kb1 Bb4 19.Red1 Bxc3 20.bxc3 Nxg3 21.hxg3 Nc5
22.a5 h5 23.Rh1 Rh8 24.Rh2 h4 25.gxh4 Rxh4 26.Rxh4 gxh4 27.Rd1 Rg8 28.Rh1 Rxg2
29.Rxh4 Rxf2 30.Rh7+ Kd6 31.Ra7 Rg2 32.Kc1 Rg1+ 33.Kb2 Na4+ 34.Ka2 Kc5  0-1

[Event "26th Budapest Spring Festival"]
[Site "Budapest HUN"]
[Date "2010.03.24"]
[Round "5"]
[White "Istvanovszki,M"]
[Black "Sanchez,Lo"]
[Result "1/2-1/2"]
[WhiteElo "2217"]
[BlackElo "2232"]

1.e4 d6 2.d4 Nf6 3.Nc3 e5 4.Nf3 Nbd7 5.Bc4 Be7 6.O-O O-O 7.h3 c6 8.a4 b6
9.Ba2 a6 10.Re1 Bb7 11.d5 b5 12.Bg5 b4 13.Bxf6 bxc3 14.Bxe7 Qxe7 15.bxc3 Nf6
16.c4 c5 17.Qd2 Bc8 18.a5 h6 19.g4 Nh7 20.Kh2 h5 21.Rg1 Qf6 22.Qe3 hxg4 23.hxg4 Rb8
24.Bb3 g6 25.g5 Qe7 26.Rg3 Kg7 27.Kg2 Rh8 28.Rh1 Bd7 29.Nh4 Rbg8 30.Nf3 Nf8
31.Nh4 Rh7 32.f4 exf4 33.Qxf4 Rgh8 34.Rh2 Rh5 35.Nf3 Rxh2+ 36.Nxh2 Nh7 37.Nf3 Re8
38.Nd2 Qe5 39.Kf3 Qe7 40.Qh4 Qe5 41.Qf4 Qd4 42.Ke2 Qe5 43.Kf3  1/2-1/2

[Event "26th Budapest Spring Festival"]
[Site "Budapest HUN"]
[Date "2010.03.25"]
[Round "6"]
[White "Arsenault,N"]
[Black "Juhasz,Kr"]
[Result "1/2-1/2"]
[WhiteElo "2153"]
[BlackElo "2274"]

1.e4 d6 2.d4 Nf6 3.Nc3 e5 4.Nf3 Nbd7 5.Bc4 Be7 6.O-O O-O 7.a4 c6 8.Ba2 b6
9.Qe2 Bb7 10.Rd1 Qc7 11.Nh4 g6 12.Nf3 exd4 13.Rxd4 Ne5 14.h3 Rfe8 15.Bg5 Rad8
16.Rad1 Bc8 17.Nxe5 dxe5 18.Rxd8 Rxd8 19.Bc4 Kg7 20.Rxd8 Qxd8 21.Qd2 Qc7
22.Bh6+ Kg8 23.Bg5 a6 24.Bd3 Qd6 25.Be3 b5 26.axb5 axb5 27.Ne2 Be6 28.f3 Nd7
29.c3 f5 30.exf5 gxf5 31.Bc2 Qc7 32.Bf2 Nf8 33.Ng3 f4 34.Ne4 Ng6 35.Qd1 Bd5
36.Bb3 Qd8 37.Bc2 Kf7 38.Qd3 Qa8 39.Nc5 Qa1+ 40.Kh2 Qa7 41.b4 Qc7  1/2-1/2

[Event "ch-Moscow KO"]
[Site "Moscow RUS"]
[Date "2010.03.25"]
[Round "1.1"]
[White "Ulko,J"]
[Black "Glek,I"]
[Result "1/2-1/2"]
[WhiteElo "2452"]
[BlackElo "2498"]

1.d4 d6 2.e4 Nf6 3.Nc3 e5 4.Nf3 Nbd7 5.Bc4 Be7 6.O-O O-O 7.Re1 a6 8.a4 b6
9.b3 c6 10.d5 c5 11.Bf1 Ne8 12.Rb1 g6 13.Ba3 f5 14.b4 cxb4 15.Bxb4 Qc7 16.exf5 gxf5
17.Nd4 exd4 18.Rxe7 Qd8 19.Rxe8 Rxe8 20.Qxd4 Nc5 21.a5 Bd7 22.axb6 Qxb6 23.Rb3 Qa7
24.Qf6 Nxb3 25.Qg5+ Kf7 26.Qh5+ Kg8  1/2-1/2

[Event "4th G. Agzamov Mem"]
[Site "Tashkent UZB"]
[Date "2010.03.25"]
[Round "3"]
[White "Sukandar,I"]
[Black "Golod,V"]
[Result "0-1"]
[WhiteElo "2311"]
[BlackElo "2590"]

1.e4 d6 2.d4 Nf6 3.Nc3 e5 4.Nf3 Nbd7 5.Bc4 Be7 6.O-O O-O 7.Re1 c6 8.a4 a5
9.b3 Nb6 10.Bf1 exd4 11.Nxd4 d5 12.e5 Ne8 13.Bb2 g6 14.Nce2 Ng7 15.Nf4 f6
16.e6 Re8 17.Qf3 f5 18.c4 c5 19.Nb5 d4 20.b4 axb4 21.a5 g5 22.Nh5 g4 23.Qd3 Nxh5
24.Qxf5 Ng7 25.Qxg4 Bf8 26.axb6 Rxa1 27.Bxa1 Rxe6 28.Rxe6 Bxe6 29.Qf4 Qxb6
30.Bd3 Qa6 31.Bb2 Qa2 32.Qc1 Qb3 33.Qb1 Bf5 34.Bxf5 Nxf5 35.h3 d3 36.Qe1 Qxb2
37.Qe6+ Kg7 38.Qxf5 d2 39.Qg5+ Kh8 40.Qd8 Kg8 41.Qd5+ Kh8 42.Qd8 Qg7 43.Qxd2 b3
44.Qd3 Qa1+ 45.Kh2 Qe5+ 46.g3 b2 47.Kg2 Be7 48.Na3 Bf6 49.Qf3 Qe7 50.Qf5 Bd4
51.h4 b6 52.Qc8+ Kg7 53.Qg4+ Kf8 54.Qf5+ Qf7 55.Qc8+ Qe8 56.Qf5+ Kg7 57.Qg5+ Kh8
58.Qf5 h6 59.Kf1 Qa8 60.Nb1 Bg7 61.f3 Qc6 62.Na3 Qf6 63.Qe4 Qe5 64.Qg6 Qe3
65.Qf5 Qe8 66.g4 Qf8 67.Qe4 Qd8 68.Nb1 Qd4 69.Qc2 Qf4 70.Qd3 Bd4 71.h5 Kg7
72.Kg2 Kf8 73.Qa3 Qf7 74.Qd3 Qe6 75.Kh3 Qe1 76.Qf5+ Ke7 77.Qh7+ Kd8 78.Qd3 Kc7
79.f4 Qh1+ 80.Kg3 Qg1+ 81.Kf3 Kb8 82.Na3 Qh1+ 83.Kg3 Qe1+ 84.Kf3 Qg1 85.Nb1 Kb7
86.Qh7+ Ka6 87.Qd3 Qh1+ 88.Kg3 Bf6 89.g5 hxg5 90.fxg5 Qg1+ 91.Kh3 Qxg5 92.Qf3 Qh4+
93.Kg2 Ka7 94.Na3 Qg5+ 95.Kh3 Kb8 96.Nb1 Qh4+ 97.Kg2 Qg5+ 98.Kh3 Kc7 99.Na3 Kd8
100.Qa8+ Ke7 101.Qb7+ Kf8 102.Qa8+ Kg7 103.Qb7+ Kh8 104.Qf3 Kh7 105.Qb7+ Bg7
106.Qe4+ Kh6 107.Qe6+ Kxh5  0-1

[Event "26th Budapest Spring Festival"]
[Site "Budapest HUN"]
[Date "2010.03.26"]
[Round "7"]
[White "Steffens,O"]
[Black "Sanchez,Lo"]
[Result "0-1"]
[WhiteElo "2250"]
[BlackElo "2232"]

1.e4 d6 2.d4 Nf6 3.Nc3 e5 4.Nf3 Nbd7 5.g4 h6 6.g5 hxg5 7.Nxg5 exd4 8.Qxd4 Ne5
9.Be2 c5 10.Qa4+ Bd7 11.Qb3 Rc8 12.f4 c4 13.Qxb7 Nc6 14.Bxc4 d5 15.Nxd5 Nxe4
16.O-O Nxg5 17.fxg5 Bc5+ 18.Kh1 Na5 19.Nc7+ Qxc7 20.Bxf7+ Kd8 21.Qxc7+ Rxc7
22.Bd5 Bd6 23.Rf2 Nc4 24.Bf4 Bxf4 25.Rxf4 Ne3 26.Bb3 Rc5 27.Rd4 Kc7 28.h4 Nf5
29.Rf4 Nxh4 30.Kg1 Rxg5+ 31.Kf2 Rg2+ 32.Ke3 Nf5+ 33.Kd3 Rh3+ 34.Kc4 g5  0-1

[Event "26th Budapest Spring Festival"]
[Site "Budapest HUN"]
[Date "2010.03.26"]
[Round "7"]
[White "Lantos,A"]
[Black "Korpa,B"]
[Result "0-1"]
[WhiteElo "2006"]
[BlackElo "2158"]

1.e4 d6 2.d4 Nf6 3.Nc3 e5 4.d5 Be7 5.f3 c6 6.Be3 Nbd7 7.g4 h6 8.Qd2 Qc7 9.h4 a6
10.Nh3 cxd5 11.exd5 e4 12.O-O-O exf3 13.g5 hxg5 14.hxg5 Ng4 15.g6 Nde5 16.gxf7+ Nxf7
17.Kb1 Bd7 18.Bd4 Nge5 19.Ne4 O-O-O 20.c4 Bf5 21.Qf4 Qd7 22.Ka1 Bxh3 23.c5 Bxf1
24.Rhxf1 Rh4 25.Qe3 Kb8 26.c6 bxc6 27.dxc6 Qxc6 28.Ng3 Bg5 29.Qb3+ Qb7 30.Qa3 Nc4
31.Qc3 Rc8 32.Qxf3 Qxf3 33.Rxf3 Nfe5 34.Rb3+ Ka8 35.a3  0-1

[Event "12th Rector Cup"]
[Site "Kharkov UKR"]
[Date "2010.03.26"]
[Round "1"]
[White "Gaponenko,I"]
[Black "Klinova,M"]
[Result "1-0"]
[WhiteElo "2472"]
[BlackElo "2303"]

1.e4 d6 2.d4 Nf6 3.Nc3 e5 4.dxe5 dxe5 5.Qxd8+ Kxd8 6.Bg5 Be6 7.O-O-O+ Nd7
8.f4 exf4 9.Nf3 h6 10.Bxf4 c6 11.Nd4 Bb4 12.e5 Bxc3 13.exf6 Bxd4 14.Rxd4 gxf6
15.Be2 Ke8 16.Re1 Ne5 17.Rb4 b6 18.Bxe5 fxe5 19.Bf3 Rc8 20.Rxe5 Ke7 21.a4 c5
22.Rh4 Kf6 23.Reh5 Kg7 24.a5 Rcd8 25.b4 cxb4 26.Rxb4 Rd6 27.axb6 axb6 28.Rhb5 Rb8
29.Kb2 Bd7 30.Rd5 Rxd5 31.Bxd5 Bf5 32.c4 Kf6 33.c5 b5 34.Kc3 Ke5 35.Bxf7 Be4
36.Rb2 b4+ 37.Rxb4 Rxb4 38.Kxb4 Bxg2 39.Kb5 Kf6 40.Be8 Ke7 41.Bc6 Bh3 42.Kb6 Bf5
43.Bb5 Be4 44.Ba6 Bf3 45.Bb7 Bg4 46.Bc6 Bf5 47.Kc7 Bc2 48.Bf3 Ba4 49.Bg4 Be8
50.Kb6 Ba4 51.Be2 Bd7 52.Bb5 Bf5 53.Kc7 Bc2 54.Ba6 Ba4 55.Kb6 Bd7 56.Bb5 Bf5
57.Kc7 Bc2 58.Kb8 Be4 59.Ka7 Bf3 60.Ba6 Bc6 61.Kb6 Be4 62.Bb7 Bf5 63.c6 Kd6
64.c7 Bg4 65.Bf3 Bc8 66.Be2 Be6 67.Kb7 Bf5 68.Kb8 Be6 69.h4 Bf5 70.h5 Be6
71.Ba6 Bf5 72.Bc8 Bd3 73.Bh3 Ba6 74.Bf1  1-0

[Event "TCh-AUT 2009-10"]
[Site "Baden AUT"]
[Date "2010.03.27"]
[Round "8"]
[White "Volokitin,And"]
[Black "Beliavsky,A"]
[Result "1-0"]
[WhiteElo "2691"]
[BlackElo "2648"]

1.e4 d6 2.d4 Nf6 3.Nc3 e5 4.Nf3 Nbd7 5.Bc4 Be7 6.O-O O-O 7.a4 c6 8.Re1 a5
9.b3 exd4 10.Nxd4 Nb6 11.Bd3 Nfd7 12.Ba3 Nc5 13.Bf1 Re8 14.Qd2 Bf8 15.g3 Bd7
16.Bg2 Qc8 17.Re3 Bh3 18.Bh1 Nbd7 19.Nde2 Ne5 20.Nf4 Bg4 21.Bg2 Qc7 22.h3 Bd7
23.Nh5 Rad8 24.f4 Ng6 25.Rae1 Qb6 26.Qf2 Na6 27.Na2 Nb4 28.Nxb4 axb4 29.Bc1 d5
30.exd5 Bc5 31.Kh2 Nf8 32.f5 cxd5 33.Qf4 Bxe3 34.Rxe3 Bxf5 35.Qxf5 Rxe3 36.Qg5 Rxg3
37.Qxg3 Qg6 38.Qe5 Rc8 39.Nf4 Qxc2 40.Bb2 f6 41.Qxd5+ Kh8 42.Qxb7 Rd8 43.Qe7 Rc8
44.Bd4 Ng6 45.Nxg6+ hxg6 46.Qxb4 Qc7+ 47.Kh1 Qf4 48.Bc5 Qg3 49.a5 Qg5 50.Bf2 Qe5
51.a6 Rc1+ 52.Bg1 Qe3 53.Qh4+ Kg8 54.Qc4+  1-0

[Event "TOP 16 GpB"]
[Site "Clichy FRA"]
[Date "2010.03.27"]
[Round "2"]
[White "Riff,JN"]
[Black "Pelletier,Y"]
[Result "1/2-1/2"]
[WhiteElo "2505"]
[BlackElo "2611"]

1.e4 d6 2.d4 Nf6 3.Nc3 e5 4.dxe5 dxe5 5.Qxd8+ Kxd8 6.Bg5 c6 7.O-O-O+ Ke8
8.f4 Nbd7 9.fxe5 Ng4 10.e6 fxe6 11.Nh3 Be7 12.Bxe7 Kxe7 13.Be2 Nge5 14.Rhf1 Nf8
15.Nf4 Bd7 16.Nb1 Nfg6 17.Nd2 Nxf4 18.Rxf4 Raf8 19.Rdf1 Rf6 20.Nc4 Nxc4 21.Bxc4 Rhf8
22.Rxf6 Rxf6 23.Rxf6 gxf6 24.e5 fxe5 25.Bd3 h6 26.Kd2 c5 27.Be4 b6 28.Ke3 Kf6
29.h4 Bb5 30.g4 a5  1/2-1/2

[Event "4NCL 2009-10"]
[Site "Hinckley Island ENG"]
[Date "2010.03.27"]
[Round "7"]
[White "Tidman,S"]
[Black "Shepley,J"]
[Result "1/2-1/2"]
[WhiteElo "2110"]
[BlackElo "2022"]

1.e4 d6 2.d4 Nf6 3.Nc3 e5 4.Nf3 Nbd7 5.g4 d5 6.Nxd5 Nxd5 7.exd5 e4 8.Ne5 Bd6
9.Bb5 O-O 10.Bxd7 Bxd7 11.Bf4 f6 12.Nxd7 Qxd7 13.Bxd6 Qxd6 14.c3 Qxd5 15.Qb3 Qxb3
16.axb3 f5 17.gxf5  1/2-1/2

[Event "TCh-AUT 2009-10"]
[Site "Baden AUT"]
[Date "2010.03.28"]
[Round "9"]
[White "Stranz,R"]
[Black "Poetz,F"]
[Result "0-1"]
[WhiteElo "2214"]
[BlackElo "2317"]

1.e4 d6 2.d4 Nf6 3.Nc3 c6 4.g3 Nbd7 5.Bg2 e5 6.Nf3 b5 7.O-O Bb7 8.Nh4 Qc7
9.Be3 g6 10.h3 Bg7 11.Qd2 O-O 12.a4 exd4 13.Bxd4 b4 14.Nd1 c5 15.Bxf6 Nxf6
16.Re1 Rfe8 17.f3 d5  0-1

[Event "TOP 16 GpB"]
[Site "Clichy FRA"]
[Date "2010.03.28"]
[Round "3"]
[White "Vovk,Y"]
[Black "Elbilia,J"]
[Result "1-0"]
[WhiteElo "2545"]
[BlackElo "2402"]

1.e4 d6 2.d4 Nf6 3.Nc3 e5 4.Nf3 Nbd7 5.Bc4 Be7 6.O-O O-O 7.Re1 c6 8.a4 a5
9.h3 h6 10.Ba2 Re8 11.Be3 Nh7 12.Nd2 Bg5 13.dxe5 dxe5 14.Nc4 Rf8 15.Qd6 Be7
16.Qd2 Qc7 17.Rad1 Ng5 18.f4 Ne6 19.f5 Ng5 20.Qf2 Bb4 21.Qh4 Be7 22.Qg3 Kh8
23.Rd2 Re8 24.h4 Nh7 25.Rxd7 Qxd7 26.Rd1  1-0

[Event "33rd Open"]
[Site "Donostia ESP"]
[Date "2010.03.28"]
[Round "1"]
[White "Korhonen,P"]
[Black "Sanchez Merino,C"]
[Result "1-0"]
[WhiteElo "2102"]
[BlackElo "1623"]

1.e4 d6 2.d4 Nf6 3.Nc3 e5 4.dxe5 dxe5 5.Qxd8+ Kxd8 6.Bg5 Be6 7.O-O-O+ Nd7
8.f4 exf4 9.Nf3 Be7 10.Bxf4 h6 11.h3 c6 12.e5 Nh5 13.Bh2 g5 14.Nd4 Bc5 15.Ne4 Bxd4
16.Rxd4 Ke7 17.Nf2 Ng7 18.g4 Rad8 19.Bg2 b5 20.Nd3 c5 21.Rd6 a5 22.Ra6 c4
23.Nf2 a4 24.Rd1 c3 25.Ne4 cxb2+ 26.Kxb2 a3+ 27.Rxa3 Ra8 28.Rxa8 Rxa8 29.a3 b4
30.axb4 Ra2+ 31.Kb1 Ra4 32.c3 Ba2+ 33.Kb2 Be6  1-0

[Event "33rd Open"]
[Site "Donostia ESP"]
[Date "2010.03.28"]
[Round "1"]
[White "Recuero Guerra,D"]
[Black "Nogues Fernandez,R"]
[Result "1-0"]
[WhiteElo "2481"]
[BlackElo "1894"]

1.e4 d6 2.d4 Nf6 3.Nc3 e5 4.Nf3 Nbd7 5.Bc4 Be7 6.a4 O-O 7.O-O c6 8.a5 exd4
9.Nxd4 Nxe4 10.Nxe4 d5 11.Bxd5 cxd5 12.Ng3 g6 13.a6 Nc5 14.axb7 Bxb7 15.Re1 Bf6
16.Be3 Ne4 17.c3 Re8 18.Nf3 a6 19.Bd4 Rc8 20.Nf1 Bxd4 21.Qxd4 Nd6 22.Rxe8+ Qxe8
23.Ne3 Nb5 24.Qh4 Qf8 25.Rd1 Nc7 26.Ng4 h5 27.Nf6+ Kg7 28.Qd4 Kh6 29.Qf4+ Kg7
30.Qe5 Kh6 31.Qg5+ Kg7 32.Nxh5+ Kh7 33.Nf6+ Kg7 34.Nd4  1-0

[Event "TOP 16 GpA"]
[Site "Vandoeuvre FRA"]
[Date "2010.03.28"]
[Round "3"]
[White "Lefevre,Ma"]
[Black "Buscara,L"]
[Result "1/2-1/2"]
[WhiteElo "2036"]
[BlackElo "1688"]

1.e4 d6 2.d4 Nf6 3.Nc3 Nbd7 4.g4 h6 5.Nf3 e5 6.g5 hxg5 7.Nxg5 exd4 8.Qxd4 Ne5
9.Be2 c6 10.Bf4 Ng6 11.Be3 Ng4 12.O-O-O Nxe3 13.Qxe3 Be7 14.Rhg1 Bxg5 15.Rxg5 Rxh2
16.f4 Rh3 17.Qd2 Qf6 18.Rf1 Bd7 19.Bd3 O-O-O 20.Ne2 Qe7 21.Ra5 a6 22.Qb4 Bg4
23.Nd4 c5 24.Qc3 Qc7 25.Nb3 Rdh8 26.e5 Rh1 27.exd6 Rxf1+ 28.Bxf1 Qxd6 29.Qxc5+ Qxc5
30.Rxc5+ Kd7 31.f5 Ne7 32.Bd3 Rh1+ 33.Kd2 Rh2+ 34.Kc3 Rf2 35.Nd4 Kd6 36.Ra5 Nd5+
37.Kb3 Ne7 38.Kc4 f6 39.Kb3 Bh3 40.a3 Bg4 41.c4 Bd1+ 42.Kc3 Bh5 43.Be4 Nc6
44.Bxc6 bxc6  1/2-1/2

[Event "Victor Ciocaltea Mem"]
[Site "Bucharest ROU"]
[Date "2010.03.29"]
[Round "7"]
[White "Piorun,K"]
[Black "Schmidt,Rau"]
[Result "1-0"]
[WhiteElo "2501"]
[BlackElo "2387"]

1.e4 d6 2.d4 Nf6 3.Nc3 c6 4.f4 Qa5 5.Bd3 Bg4 6.Qd2 Bc8 7.Nf3 Nbd7 8.O-O e5
9.Kh1 Be7 10.Qe1 Nh5 11.fxe5 dxe5 12.Bd2 Qc7 13.d5 Nb6 14.a4 a5 15.Qf2 Nd7
16.Nh4 Ndf6 17.dxc6 bxc6 18.Nf5 Bxf5 19.Qxf5 g6 20.Qf3 O-O 21.Ne2 Rab8 22.b3 Ne8
23.Bc3 Nhg7 24.Bc4 Bb4 25.Rad1 Qe7 26.Qg3 Bxc3 27.Qxc3 Rb4 28.Qd2 Qh4 29.Nc3 Nh5
30.Rf3 Rb7 31.g3 Qg4 32.Qf2 Kg7 33.Be2 Qc8 34.Qc5 Qc7 35.Rfd3 Nhf6 36.Rd8 Rb4
37.Bc4 Rb8 38.Rxb8 Qxb8 39.Qxa5 Nd6 40.Bd3 Ng4 41.Qc5 Nb7 42.Qb6 c5 43.Kg1 f5
44.Be2 Nf6 45.a5 Qa8 46.a6 Nd8 47.Nd5 Nxe4 48.Nc7 Qc8 49.Rxd8 Rxd8 50.Ne6+ Kh6
51.Qxd8 Qxe6 52.a7  1-0

[Event "33rd Open"]
[Site "Donostia ESP"]
[Date "2010.03.29"]
[Round "2"]
[White "Lakunza Plazaola,A"]
[Black "Tratar,M"]
[Result "0-1"]
[WhiteElo "2093"]
[BlackElo "2486"]

1.e4 d6 2.d4 Nf6 3.Nc3 e5 4.dxe5 dxe5 5.Qxd8+ Kxd8 6.Bc4 Ke8 7.f3 c6 8.Be3 b5
9.Bb3 Nbd7 10.a4 b4 11.Nb1 Bc5 12.Kf2 a5 13.Nd2 Bxe3+ 14.Kxe3 Nb6 15.Nc4 Nxc4+
16.Bxc4 Nd7 17.Bd3 Nb6 18.c3 bxc3 19.bxc3 Be6 20.Nh3 Bxh3 21.gxh3 Ke7 22.Rhg1 g6
23.f4 exf4+ 24.Kxf4 Rhd8 25.Ke3 Nd7 26.h4 Ne5 27.Be2 Rab8 28.Rab1 h5 29.Rgf1 Nd7
30.Bd3 Rb6 31.Rxb6 Nxb6 32.Ra1 f6 33.Ra2 Nd7 34.Rb2 Nc5 35.Bc2 Ke6 36.Rb6 Kd6
37.Rb1 Nd7 38.Bd3 Kc7 39.Rb2 Ne5 40.Be2 Rb8 41.Rxb8 Kxb8 42.Kd4 Kc7 43.c4 Kd6
44.c5+ Ke6 45.Bd1 Ng4 46.Bxg4+ hxg4 47.Kd3 Ke5 48.Ke3 f5 49.exf5 gxf5 50.h5 f4+
51.Kd3 Kf5  0-1

[Event "ch-DEN"]
[Site "Hillerod DEN"]
[Date "2010.03.29"]
[Round "3"]
[White "Hansen,SuB"]
[Black "Aagaard,J"]
[Result "1/2-1/2"]
[WhiteElo "2556"]
[BlackElo "2538"]

1.d4 d6 2.e4 Nf6 3.Nc3 e5 4.Nf3 Nbd7 5.Bc4 Be7 6.O-O O-O 7.a4 c6 8.Re1 b6
9.d5 cxd5 10.Nxd5 Bb7 11.b3 Rc8 12.Ra2 Nxd5 13.Bxd5 Bxd5 14.Qxd5 Nf6 15.Qd1 d5
16.exd5 Nxd5 17.c4 Nc3 18.Qxd8 Rfxd8 19.Rc2 e4 20.Bd2 exf3 21.Bxc3 Bc5 22.gxf3 Rd3
23.Kg2 h6 24.Ree2 Rc6 25.b4 Rg6+ 26.Kf1 Bd6 27.Re8+ Kh7 28.Ke2 Rxc3 29.Rxc3 Bxb4
30.Rd3 Rg2 31.Kf1 Rxh2 32.Kg1 Rh5 33.Rd5 f5 34.Rc8 a5 35.Rc6 Bc5 36.f4 Rh3
37.Rcxc5 bxc5 38.Rxc5 Rc3  1/2-1/2

[Event "33rd Open"]
[Site "Donostia ESP"]
[Date "2010.03.31"]
[Round "4"]
[White "Nogues Fernandez,R"]
[Black "Sanchez Merino,C"]
[Result "1-0"]
[WhiteElo "1894"]
[BlackElo "1623"]

1.e4 d6 2.d4 Nf6 3.Nc3 e5 4.Nf3 Nbd7 5.g4 Nxg4 6.Rg1 Ngf6 7.Bc4 h6 8.Be3 a6
9.dxe5 dxe5 10.Qd3 b5 11.Bd5 Nxd5 12.Qxd5 Rb8 13.Nxe5 Qf6 14.Bd4 Nxe5 15.Bxe5 Qb6
16.O-O-O Be6 17.Qd2 f6 18.Nd5 Bxd5 19.Qxd5 Bd6 20.Bxd6 Qxd6 21.Qh5+  1-0

[Event "33rd Open"]
[Site "Donostia ESP"]
[Date "2010.03.31"]
[Round "4"]
[White "Uriarte Prieto,G"]
[Black "Argandona Riveiro,I"]
[Result "0-1"]
[WhiteElo "2086"]
[BlackElo "2388"]

1.e4 d6 2.d4 Nf6 3.Nc3 e5 4.Nf3 Nbd7 5.g4 Nxg4 6.Rg1 Ngf6 7.Bc4 h6 8.Be3 c6
9.dxe5 dxe5 10.Qd3 b5 11.Bb3 Qc7 12.O-O-O g6 13.Nh4 Rh7 14.Ne2 a5 15.a4 Ba6
16.axb5 cxb5 17.Bd5 b4 18.c4 Nxd5 19.Qxd5 Qxc4+ 20.Nc3 Qc8 21.Rxg6 Bc4 22.Qc6 fxg6
23.Qxg6+ Rf7 24.Nf5 bxc3 25.b3 Bxb3 26.Qg8 Rxf5 27.Qxb3 Rf6 28.Rd5 Rb8 29.Qa4 Qb7
30.Rxe5+ Be7  0-1

[Event "Doeberl Cup"]
[Site "Canberra AUS"]
[Date "2010.04.01"]
[Round "2"]
[White "Yuan,Y2"]
[Black "Scott,R"]
[Result "0-1"]
[WhiteElo "2090"]
[BlackElo "2261"]

1.e4 d6 2.d4 Nf6 3.Nc3 e5 4.dxe5 dxe5 5.Qxd8+ Kxd8 6.Bg5 Be6 7.O-O-O+ Nd7
8.f4 exf4 9.Nge2 h6 10.Bxf6+ gxf6 11.Nxf4 Bd6 12.Nxe6+ fxe6 13.g3 Ke7 14.Bg2 Be5
15.Ne2 a5 16.Rd2 Nc5 17.Nf4 Rhg8 18.Nd3 Nxd3+ 19.Rxd3 Ra6 20.Rhd1 Rd6 21.Rb3 b6
22.Rxd6 Bxd6 23.Rb5 Bc5 24.Kd2 Rd8+ 25.Ke2 a4 26.e5 fxe5 27.b4 Bd4 28.c4 Bc3
29.c5 Rd2+ 30.Kf3 e4+ 31.Kxe4 Rxg2 32.Kd3 Bf6 33.cxb6 cxb6 34.Rxb6 Rxa2 35.Ra6 a3
36.b5 Be5 37.b6 Bd6 38.Ra7+ Kd8 39.h4 Rb2 40.Ra6 Kc8 41.b7+ Kc7  0-1

[Event "33rd Open"]
[Site "Donostia ESP"]
[Date "2010.04.01"]
[Round "5"]
[White "Hagesaether,E"]
[Black "Cifuentes Parada,R"]
[Result "0-1"]
[WhiteElo "2269"]
[BlackElo "2525"]

1.e4 d6 2.d4 Nf6 3.Nc3 e5 4.Nf3 Nbd7 5.Bc4 Be7 6.O-O O-O 7.Re1 a6 8.a4 b6
9.h3 c6 10.Ba2 Rb8 11.Be3 b5 12.axb5 axb5 13.b4 Qc7 14.Qd3 exd4 15.Nxd4 Ne5
16.Qe2 Bd7 17.f4 Nc4 18.Bxc4 bxc4 19.Qxc4 Rfc8 20.Ra7 Qd8 21.e5 dxe5 22.fxe5 Rxb4
23.Qe2 Bc5 24.Ra4 Nd5 25.Rxb4 Bxb4 26.Nxd5 Bxe1 27.Nf6+ gxf6 28.Qxe1 fxe5
29.Qg3+ Kh8 30.Qxe5+ f6 31.Qd6 c5 32.Nf3 Bc6 33.Qf4 Bxf3 34.Qxf3 Qe7 35.Bf2 Qe6
36.Bh4 Rc6 37.Qa3 Kg7 38.Bf2 Qd5 39.Qg3+ Kf7 40.Qg4 c4 41.c3 Ra6 42.Kh2 Ra2
43.Qh4 h5 44.Kg1 Rc2 45.Qf4 Kg6 46.h4 Qe5  0-1

[Event "33rd Open"]
[Site "Donostia ESP"]
[Date "2010.04.01"]
[Round "6"]
[White "Alsina Leal,D"]
[Black "Argandona Riveiro,I"]
[Result "1/2-1/2"]
[WhiteElo "2548"]
[BlackElo "2388"]

1.e4 d6 2.d4 Nf6 3.Nc3 e5 4.dxe5 dxe5 5.Qxd8+ Kxd8 6.Bg5 Be6 7.O-O-O+ Nd7
8.f4 exf4 9.Nf3 c6 10.e5 h6 11.Bh4 g5 12.Nxg5 hxg5 13.Bxg5 Kc7 14.exf6 Bh6
15.Bxh6 Rxh6 16.Be2 Rg8 17.Bf3 Nxf6 18.Rd4 Ng4 19.Rxf4 Nxh2 20.Ne4 Rgg6 21.Nc5 Nxf3
22.Rxh6 Rxh6 23.Nxe6+ fxe6 24.Rxf3 Rg6 25.g3 a5 26.Kd2 Kd6 27.Ke3 Rg4 28.Kf2 b5
29.Rd3+ Ke7 30.Rc3 Kd6 31.Kf3 Rg6 32.Rd3+ Ke5 33.g4 a4 34.Kg3 Rg8 35.Rf3 Ke4
36.Rf6 Ke5 37.Rf7 Rd8 38.g5 Rd1 39.Rf2 Rg1+ 40.Kh4 Ke4 41.Kh5 Ke3 42.Rf6 Kd2
43.Rxe6 Kxc2 44.Re2+ Kd3 45.Rf2 a3 46.Rf3+ Kc2 47.Rf2+ Kd3 48.Rf3+ Kc2 49.Rf2+  1/2-1/2